| 000 | 00934cam a22002891 4500 | ||
|---|---|---|---|
| 008 | 870903s1970 ua ab 000 0 eng | ||
| 010 | _a78962571 | ||
| 040 |
_aDLC _cDLC _dDLC |
||
| 041 | 1 | _aengara | |
| 043 | _ama----- | ||
| 050 | 0 | 0 |
_aDS36.55 _b.A7 |
| 092 | 0 | 4 |
_a910.09174927 _bA6584 _221 |
| 099 |
_a04 _a910.09174927 A6584 |
||
| 110 | 2 | _aArab Tourist Union. | |
| 240 | 1 | 0 |
_aDalil al-siyaٍhi lil-duwal al-ʻArabiyah. _lEnglish |
| 245 | 1 | 2 | _aA tourist guide to the Arab world. |
| 260 |
_a[Cairo? _c1970] |
||
| 300 |
_a351 p. _billus., col. maps. _c17 cm. |
||
| 500 | _aTranslation of: al-Dalil al-siyaٍhهi lil-duwal al-ʻArabiyah. | ||
| 651 | 0 |
_aArab countries _xGuidebooks. |
|
| 902 | _a2 | ||
| 905 |
_aJamal _eRev. |
||
| 905 |
_aJihan _eCat. |
||
| 942 |
_2ddc _cBK |
||
| 999 |
_c139432 _d139432 |
||